000 00815nam2a2200241 4500
001 rc\2828790
005 20110624225828.5
035 _a(NLR Aleph) 006986827
090 _a13571024
_c13571024
100 _a20110624f19201994|||y0rusy50 ca
101 0 _arus
102 _aRU
105 _aa z |||||
200 0 _aУрок 1
210 _dБ. г.
215 _a15 с.
_cил.
461 0 _1001rc\2828789
_12000#$aМашиноведение$eУрок 1-5$fАвтор: Русаков С.И.$gОтв. ред. Емельянов, С.И.$gВСНХ СССР. Ин-т заоч. обуч. Заоч. курсы швейной промышленности$vУрок 1
700 1 _aРусаков
_bС. И.
801 0 _aRU
_bNLR
_gpsbo
801 1 _aRU
_bELAR
_2rusmarc
852 _aNLR
_j30.19/111
942 _cBOOK
980 _aNB